000 00297nam a22001337a 4500
008 170401b xxu||||| |||| 00| 0 eng d
020 _a0870411055
041 _aeng
080 _210TH
_a617
100 _a8
101 _aSHM
245 _aGENERAL OPHTHALMOLOGY
_cVAUGHAN, D
942 _2udc
_cBK
999 _c9384
_d9384